The dialogues of Lewis and Clark : a narrative poem /

Bibliographic Details
Main Author: Lee, Robert Edson, 1921-1977
Format: Book
Language:English
Published: Boulder : Colorado Associated University Press, [1979]
Subjects:

MARC

Tag First Indicator Second Indicator Subfields
LEADER 00000cam a2200000 i 4500
001 in00000059314
005 20151008051551.0
008 800213s1979 couaf 00010 eng
010 |a  78067631  
020 |a 087081124X 
035 |a (OCoLC)05933909 
035 |9 AAG8713AM 
040 |a DLC  |c DLC  |d TXA  |d UtOrBLW 
049 |a TXAM  |c [1159631] 
050 0 0 |a PS3562.E3625  |b D5 
082 0 |a 811/.54 
100 1 |a Lee, Robert Edson,  |d 1921-1977. 
245 1 4 |a The dialogues of Lewis and Clark :  |b a narrative poem /  |c Robert Edson Lee. 
264 1 |a Boulder :  |b Colorado Associated University Press,  |c [1979] 
264 4 |c ©1979 
300 |a xix, 66 pages, 1 unnumbered leaf of plates :  |b illustrations ;  |c 24 cm. 
336 |a text  |b txt  |2 rdacontent 
337 |a unmediated  |b n  |2 rdamedia 
338 |a volume  |b nc  |2 rdacarrier 
600 1 0 |a Lewis, Meriwether,  |d 1774-1809  |x Poetry. 
600 1 0 |a Clark, William,  |d 1770-1838  |x Poetry. 
999 |a MARS 
999 f f |s 81f6d936-9029-315d-b215-4a96c37f6069  |i c31018a1-15ed-3716-adf1-d288b8d65fa0  |t 0 
952 f f |p ric  |a Texas A&M University  |b Rellis Campus  |c Joint Library Facility  |d Remote Storage  |t 0  |e PS3562.E3625 D5  |h Library of Congress classification  |i unmediated -- volume  |m A14804125956 
998 f f |a PS3562.E3625 D5  |t 0  |l Remote Storage